Faculty of Law Library — Cairo University

Official Online Catalog

La Faute Du Service Public En Droit Administratif Français/ (Record no. 76508)

MARC details
000 -LEADER
fixed length control field 01013nam a2200301 i 4500
003 - CONTROL NUMBER IDENTIFIER
control field EG-GICUC
005 - DATE AND TIME OF LATEST TRANSACTION
control field 20260510161638.0
008 - FIXED-LENGTH DATA ELEMENTS--GENERAL INFORMATION
fixed length control field 260510s1980 fr ||||fr|||| 00| 0 fre d
020 ## - INTERNATIONAL STANDARD BOOK NUMBER
International Standard Book Number 227501112
040 ## - CATALOGING SOURCE
Original cataloging agency EG-GiCUC
Language of cataloging fre
Transcribing agency EG-GiCUC
Modifying agency EG-GiCUC
Description conventions Rda
082 04 - DEWEY DECIMAL CLASSIFICATION NUMBER
Edition number 21
Classification number 345.3231
Item number PA . F
092 04 - LOCALLY ASSIGNED DEWEY CALL NUMBER (OCLC)
Edition number 21
099 ## - LOCAL FREE-TEXT CALL NUMBER (OCLC)
Classification number Law1 07 345.3231 PA . F 1980
100 1# - MAIN ENTRY--PERSONAL NAME
Personal name Paillet,Michel
Relator term Auteur
245 ## - TITLE STATEMENT
Title La Faute Du Service Public En Droit Administratif Français/
Statement of responsibility, etc. Michel Paillet.
264 #1 - PRODUCTION, PUBLICATION, DISTRIBUTION, MANUFACTURE, AND COPYRIGHT NOTICE
Place of production, publication, distribution, manufacture Paris:
Name of producer, publisher, distributor, manufacturer Librairie Générale De Droit Et De Jurisprudence,
Date of production, publication, distribution, manufacture, or copyright notice 1980.
300 ## - PHYSICAL DESCRIPTION
Extent 434 page ;
Dimensions 24 cm.
336 ## - CONTENT TYPE
Source rda contenu
Content type term texte
337 ## - MEDIA TYPE
Source rda medias
Media type term Ordinateur
338 ## - CARRIER TYPE
Source transporteur rda
Carrier type term Ressource en ligne
546 ## - LANGUAGE NOTE
Language note Texte en français
650 1# - SUBJECT ADDED ENTRY--TOPICAL TERM
Topical term or geographic name entry element Droit Administratif
650 1# - SUBJECT ADDED ENTRY--TOPICAL TERM
Topical term or geographic name entry element Installation Administrative Générale
700 1# - ADDED ENTRY--PERSONAL NAME
Personal name Auby,Jean-Marie
Relator term Préfacier
856 40 - ELECTRONIC LOCATION AND ACCESS
Uniform Resource Identifier <a href="https://fll.law.cu.edu.eg/fulltext/bks/B07-05737.pdf">https://fll.law.cu.edu.eg/fulltext/bks/B07-05737.pdf</a>
905 ## - Cataloger and Reviser Names
Cataloger Name: Logain Ashraf
942 ## - ADDED ENTRY ELEMENTS (KOHA)
Source of classification or shelving scheme Dewey Decimal Classification
Suppress in OPAC No
Koha item type Books
Edition 21
Holdings
Withdrawn status Lost status Source of classification or shelving scheme Damaged status Not for loan Collection Home library Current library Date acquired Total checkouts Full call number Barcode Date last seen Copy number Price effective from Koha item type
    Dewey Decimal Classification   Not for loan القانون الإداري جــــامعة القــاهرة مكتبة كلية الحقوق - المبنى الرئيسي 10.05.2026   Law1 07 345.3231 PA . F 1980 0705737 C1 B07-05737 10.05.2026 1 10.05.2026 Books

© All rights reserved — Faculty of Law, Cairo University